[Event "San Pedro de la Paz-A"]
[Site "San Pedro de la Paz"]
[Date "2022.03.10"]
[Round "4"]
[White "Vasquez Toledo, Cristian"]
[Black "Caceres Leal, Jaime"]
[Result "0-1"]
[WhiteElo "2154"]
[BlackElo "2113"]
[PlyCount "126"]
[EventDate "2022.03.07"]
[EventType "tourn"]
[EventRounds "9"]
[EventCountry "CHI"]
[SourceTitle "CBM 207 Extra"]
[Source "ChessBase"]
[SourceDate "2022.05.31"]
[SourceVersion "1"]
[SourceVersionDate "2022.05.31"]
[SourceQuality "1"]

1. e4 e6 2. d4 d5 3. Nc3 Bb4 4. e5 c5 5. a3 Ba5 6. b4 cxd4 7. Nb5 Bc7 8. f4 Bd7 9. Nf3 Bxb5 10. Bxb5+ Nc6 11. Nxd4 Nge7 12. c3 0-0 13. 0-0 Nxd4 14. cxd4 Nf5 15. Rf2 Bb6 16. Bb2 Rc8 17. Qd2 h5 18. g3 Qe7 19. Kh1 Rc7 20. Rf3 Rfc8 21. Ba4 a5 22. Bb3 axb4 23. axb4 g6 24. Rd3 Rd8 25. Qe1 Qd7 26. Ba4 Qe7 27. Bb3 Kg7 28. Rdd1 Rh8 29. h4 Rhc8 30. Kh2 Nh6 31. Kh3 Ng4 32. Qd2 Qd8 33. Rf1 Qd7 34. Ba4 Qxa4 35. Rxa4 Rc2 36. Bc1 Rxd2 37. Bxd2 Rc2 38. Rfa1 Rxd2 39. R4a2 Rxd4 40. Rc2 Rxb4 41. Ra8 Rc4 42. Rca2 Rc1 43. Kg2 Rg1+ 44. Kf3 Rf1+ 45. Kg2 Ne3+ 46. Kh2 Nf5 47. Kg2 Rg1+ 48. Kh2 Nxg3 49. R2a3 Nf1+ 50. Kh3 Be3 51. Rxe3 Nxe3 52. Kh2 Rg4 53. Kh3 Rxf4 54. Kg3 Re4 55. Kf3 Nf5 56. Kg2 Nxh4+ 57. Kh3 g5 58. Kg3 Rxe5 59. Kh3 Nf5 60. Kh2 Re2+ 61. Kg1 h4 62. Kf1 Rb2 63. Kg1 h3 0-1

[Event "Concepcion CC Mayor"]
[Site "Concepcion"]
[Date "2019.08.20"]
[Round "3"]
[White "Rebolledo Arias, Julio Cesar"]
[Black "Caceres Leal, Jaime"]
[Result "0-1"]
[WhiteElo "1957"]
[BlackElo "2120"]
[PlyCount "80"]
[EventDate "2019.08.06"]
[EventType "tourn"]
[EventRounds "9"]
[EventCountry "CHI"]
[SourceTitle "CBM 195 Extra"]
[Source "ChessBase"]
[SourceDate "2020.05.31"]
[SourceVersion "1"]
[SourceVersionDate "2020.05.31"]
[SourceQuality "1"]

1. d4 d5 2. c4 dxc4 3. Nf3 Nf6 4. e3 Bg4 5. Bxc4 e6 6. h3 Bh5 7. 0-0 a6 8. a4 Nc6 9. Be2 Bd6 10. Qb3 0-0 11. a5 Qe7 12. Bd2 e5 13. Qxb7 Qd7 14. Rc1 Ne7 15. Nxe5 Bxe5 16. Bxh5 Rab8 17. Qf3 Bd6 18. Bc3 Qb5 19. e4 Qxh5 20. e5 Qxf3 21. gxf3 Nfd5 22. exd6 cxd6 23. Re1 Ng6 24. Na3 Rfc8 25. Nb1 Ndf4 26. Kh2 Rb5 27. Rg1 Rh5 28. Rg3 Ne2 29. Ra3 f5 30. Rb3 Ngf4 31. Rb6 Nxg3 32. fxg3 Rxh3+ 33. Kg1 Rxg3+ 34. Kf2 Rg2+ 35. Kf1 Rh2 36. Na3 Nd5 37. Rb3 f4 38. Kg1 Re2 39. Nb1 Rce8 40. Nd2 Nxc3 0-1

[Event "Concepcion Hexagonal U2200"]
[Site "Concepcion"]
[Date "2016.05.21"]
[Round "2.2"]
[White "Caceres Leal, Jaime"]
[Black "Palma Neira, Eliseo Maximiliano"]
[Result "1/2-1/2"]
[WhiteElo "2130"]
[BlackElo "1978"]
[PlyCount "68"]
[EventDate "2016.05.07"]
[EventType "tourn"]
[EventRounds "10"]
[EventCountry "CHI"]
[SourceTitle "EXT 2024"]
[Source "ChessBase"]
[SourceDate "2023.10.10"]
[SourceVersion "1"]
[SourceVersionDate "2023.10.10"]
[SourceQuality "1"]

1. d4 c5 2. d5 f5 3. g3 Nf6 4. Bg2 g6 5. Nf3 Bg7 6. 0-0 0-0 7. Nc3 d6 8. Re1 Bd7 9. Ng5 h6 10. Nh3 g5 11. f4 g4 12. Nf2 b5 13. e4 b4 14. Nb1 fxe4 15. Nxe4 Bf5 16. c4 Nbd7 17. Nbd2 Qe8 18. Nxd6 exd6 19. Rxe8 Raxe8 20. a3 b3 21. Nxb3 Ne4 22. Bd2 Bxb2 23. Ra2 Bg7 24. Be1 Re7 25. Bxe4 Rxe4 26. Nd2 Re3 27. h3 h5 28. hxg4 hxg4 29. a4 Bd4 30. Kh2 Rd3 31. Qe2 Re3 32. Qd1 Rd3 33. Qe2 Re3 34. Qd1 Rd3 1/2-1/2

[Event "CHI-ch sf"]
[Site "Concepcion"]
[Date "2015.12.19"]
[Round "4.2"]
[White "Caceres Leal, Jaime"]
[Black "Estay Torreblanca, Oscar"]
[Result "0-1"]
[WhiteElo "2154"]
[BlackElo "2235"]
[PlyCount "96"]
[EventDate "2015.12.17"]
[EventType "swiss"]
[EventRounds "7"]
[EventCountry "CHI"]
[SourceTitle "EXT 2024"]
[Source "ChessBase"]
[SourceDate "2023.10.10"]
[SourceVersion "1"]
[SourceVersionDate "2023.10.10"]
[SourceQuality "1"]

1. e4 d6 2. d4 Nf6 3. Nc3 g6 4. Bg5 Bg7 5. Qd2 h6 6. Bf4 c6 7. Nf3 g5 8. Be3 Ng4 9. a4 Nxe3 10. fxe3 e5 11. g3 Bg4 12. Be2 Bxf3 13. Bxf3 exd4 14. exd4 Qf6 15. Rf1 Qxd4 16. Qxd4 Bxd4 17. Ne2 Be5 18. Rb1 Nd7 19. Nc1 Ke7 20. Nd3 h5 21. Be2 h4 22. Nxe5 Nxe5 23. g4 Ng6 24. b4 Nf4 25. Bf3 Rac8 26. Kf2 Rhd8 27. c4 f6 28. Ke3 b5 29. Rfc1 bxc4 30. Rxc4 d5 31. Rc5 d4+ 32. Kd2 Ng6 33. Be2 Ne5 34. Ba6 Rb8 35. h3 Rb6 36. Bf1 d3 37. Ke3 d2 38. Be2 d1Q 39. Bxd1 Rd3+ 40. Kf2 Rxh3 41. b5 Rh2+ 42. Ke3 Rh3+ 43. Ke2 Kd6 44. Rbc1 a6 45. bxc6 Rb2+ 46. Bc2 Nxc6 47. Rd5+ Ke7 48. Rd2 Rh2+ 0-1

[Event "American Continental 10th"]
[Site "Praia da Pipa"]
[Date "2014.10.25"]
[Round "10"]
[White "Caceres Leal, Jaime"]
[Black "Haskin, Zachary John"]
[Result "1/2-1/2"]
[WhiteElo "2157"]
[BlackElo "1976"]
[PlyCount "65"]
[EventDate "2014.10.18"]
[EventType "swiss"]
[EventRounds "11"]
[EventCountry "BRA"]
[SourceTitle "EXT 2015"]
[Source "ChessBase"]
[SourceDate "2014.11.20"]
[SourceVersion "1"]
[SourceVersionDate "2014.11.20"]
[SourceQuality "1"]

1. d4 Nf6 2. Nf3 g6 3. g3 Bg7 4. Bg2 0-0 5. c4 d6 6. 0-0 Nbd7 7. Nc3 e5 8. e4 c6 9. b3 Re8 10. dxe5 dxe5 11. Qc2 Qc7 12. Rd1 Nc5 13. Ba3 Bf8 14. Bb2 Bg4 15. h3 Bxf3 16. Bxf3 Rad8 17. Rxd8 Rxd8 18. Rd1 Rxd1+ 19. Qxd1 Qd7 20. Qxd7 Nfxd7 21. Be2 Nf6 22. f3 Ne6 23. Na4 Nd7 24. Kg2 Nd4 25. Bxd4 exd4 26. f4 Ba3 27. e5 Kf8 28. Kf3 a6 29. c5 Nxc5 30. Nxc5 Bxc5 31. a4 b5 32. Ke4 Ke7 33. g4 1/2-1/2

[Event "American Continental 10th"]
[Site "Praia da Pipa"]
[Date "2014.10.23"]
[Round "8"]
[White "Caceres Leal, Jaime"]
[Black "Llorens Sepulveda, Marcelo"]
[Result "0-1"]
[WhiteElo "2157"]
[BlackElo "2275"]
[PlyCount "62"]
[EventDate "2014.10.18"]
[EventType "swiss"]
[EventRounds "11"]
[EventCountry "BRA"]
[SourceTitle "EXT 2015"]
[Source "ChessBase"]
[SourceDate "2014.11.20"]
[SourceVersion "1"]
[SourceVersionDate "2014.11.20"]
[SourceQuality "1"]

1. d4 Nf6 2. Nf3 c5 3. e3 g6 4. b3 Bg7 5. Bb2 0-0 6. Be2 b6 7. 0-0 Bb7 8. c4 e6 9. dxc5 bxc5 10. Nc3 d5 11. Na4 Nbd7 12. Rc1 Rc8 13. Qc2 Qc7 14. Qb1 d4 15. exd4 cxd4 16. Nxd4 Qf4 17. Bf3 Bxf3 18. Nxf3 e5 19. Rcd1 e4 20. Bc1 Qc7 21. Nd4 Ng4 22. g3 Rfe8 23. h3 Nxf2 24. Rxf2 Qxg3+ 25. Rg2 Qxh3 26. Bf4 Ne5 27. Rf1 Nf3+ 28. Nxf3 exf3 29. Rg3 Bd4+ 30. Rf2 Bxf2+ 31. Kxf2 Qh2+ 0-1

[Event "Concepcion Mayor"]
[Site "Concepcion"]
[Date "2014.03.14"]
[Round "3.3"]
[White "Caceres Leal, Jaime"]
[Black "Alarcon Mondrus, Rodrigo"]
[Result "1-0"]
[WhiteElo "2130"]
[BlackElo "2165"]
[PlyCount "131"]
[EventDate "2014.03.10"]
[EventType "tourn"]
[EventRounds "9"]
[EventCountry "CHI"]
[SourceTitle "EXT 2024"]
[Source "ChessBase"]
[SourceDate "2023.10.10"]
[SourceVersion "1"]
[SourceVersionDate "2023.10.10"]
[SourceQuality "1"]

1. e4 e6 2. d4 d5 3. Nc3 Nf6 4. Bg5 Be7 5. e5 Nfd7 6. Bxe7 Qxe7 7. h4 h6 8. Nb5 Nb6 9. c3 a6 10. Na3 Bd7 11. Bd3 Na4 12. Qd2 c5 13. Nf3 c4 14. Be2 b5 15. b4 a5 16. Nc2 axb4 17. Nxb4 Nc6 18. Nxc6 Bxc6 19. 0-0 Qa3 20. Rac1 0-0 21. g4 Rab8 22. g5 h5 23. g6 fxg6 24. Ng5 Rbe8 25. Bd1 Re7 26. f4 b4 27. Bxa4 Bxa4 28. cxb4 Qg3+ 29. Qg2 Qxh4 30. Nh3 Ref7 31. Rc3 g5 32. Qxg5 Qxg5+ 33. Nxg5 Rxf4 34. Rxf4 Rxf4 35. Nxe6 Rg4+ 36. Kf2 Bd7 37. Nc7 Rxd4 38. e6 Bxe6 39. Nxe6 Rd2+ 40. Ke3 Rxa2 41. Nf4 Kf7 42. Nxd5 g5 43. Rxc4 Ke6 44. Nc3 Rb2 45. Ke4 Rf2 46. Ke3 Rb2 47. b5 Kf5 48. Rc5+ Kg4 49. Ne4 Rb3+ 50. Kd2 h4 51. Kc2 Rb4 52. Nxg5 h3 53. Nxh3 Kxh3 54. Kc3 Rb1 55. Kc4 Kg4 56. Re5 Kf4 57. Re8 Kf5 58. Kc5 Rc1+ 59. Kd5 Rd1+ 60. Kc6 Rc1+ 61. Kb7 Rh1 62. b6 Rc1 63. Kb8 Ra1 64. b7 Ra3 65. Kc7 Rc3+ 66. Kd6 1-0

[Event "Donihue U2200 op"]
[Site "Donihue"]
[Date "2014.02.01"]
[Round "5"]
[White "Abello Farias, Javier Fernando"]
[Black "Caceres Leal, Jaime"]
[Result "0-1"]
[WhiteElo "2024"]
[BlackElo "2155"]
[PlyCount "100"]
[EventDate "2014.01.31"]
[EventType "swiss"]
[EventRounds "7"]
[EventCountry "CHI"]
[SourceTitle "EXT 2015"]
[Source "ChessBase"]
[SourceDate "2014.11.20"]
[SourceVersion "1"]
[SourceVersionDate "2014.11.20"]
[SourceQuality "1"]

1. d4 d5 2. c4 c6 3. Nc3 Nf6 4. g3 dxc4 5. Nf3 Bf5 6. Bg2 Nbd7 7. 0-0 e6 8. Nh4 Bg6 9. Nxg6 hxg6 10. e4 Be7 11. Qe2 0-0 12. Qxc4 Nb6 13. Qd3 c5 14. d5 exd5 15. e5 Ng4 16. Qe2 Nh6 17. Bxh6 gxh6 18. Nxd5 Nxd5 19. Rad1 Qb6 20. Bxd5 Rad8 21. e6 fxe6 22. Bxe6+ Kh7 23. Bb3 Bf6 24. Rxd8 Qxd8 25. Rd1 Bd4 26. Kh1 Qd7 27. f4 Re8 28. Qc2 Qh3 29. Qg2 Qxg2+ 30. Kxg2 Re2+ 31. Kh1 Kg7 32. Bd5 Rxb2 33. Re1 Bf6 34. Re8 b5 35. Rg8+ Kh7 36. Rf8 Bd4 37. Rf7+ Bg7 38. Rxa7 c4 39. a4 c3 40. Ra8 h5 41. Be4 Re2 42. Bd3 Rd2 43. Be4 Re2 44. Bd3 Re3 45. axb5 Rxd3 46. Rc8 Rd2 47. b6 Rb2 48. Rc6 Kh6 49. f5 c2 50. b7 Be5 0-1

[Event "Donihue U2200 op"]
[Site "Donihue"]
[Date "2014.02.01"]
[Round "4"]
[White "Caceres Leal, Jaime"]
[Black "Gasic Merino, Franco Ignacio"]
[Result "1-0"]
[WhiteElo "2155"]
[BlackElo "1914"]
[PlyCount "77"]
[EventDate "2014.01.31"]
[EventType "swiss"]
[EventRounds "7"]
[EventCountry "CHI"]
[SourceTitle "EXT 2015"]
[Source "ChessBase"]
[SourceDate "2014.11.20"]
[SourceVersion "1"]
[SourceVersionDate "2014.11.20"]
[SourceQuality "1"]

1. e4 d5 2. exd5 Nf6 3. c4 e6 4. d4 exd5 5. Nc3 c6 6. Nf3 Bd6 7. cxd5 cxd5 8. Bb5+ Bd7 9. 0-0 0-0 10. Bxd7 Nbxd7 11. Bg5 h6 12. Bh4 Qb6 13. b3 Qa5 14. Qd3 Rac8 15. Rfc1 Ba3 16. Rc2 Rxc3 17. Qxc3 Qxc3 18. Rxc3 Bb2 19. Rac1 Nb6 20. Bxf6 gxf6 21. Kf1 Bxc1 22. Rxc1 Rc8 23. Rc5 Kg7 24. Ke2 Kg6 25. Kd3 Kf5 26. a4 Ke6 27. Rxc8 Nxc8 28. Nh4 Nd6 29. f3 Nf5 30. Nxf5 Kxf5 31. b4 b6 32. Ke3 Kg5 33. g3 f5 34. h4+ Kg6 35. Kf4 f6 36. b5 h5 37. g4 fxg4 38. fxg4 f5 39. gxh5+ 1-0

[Event "Concepcion 1st"]
[Site "Concepcion"]
[Date "2013.??.??"]
[Round "2"]
[White "Estay Torreblanca, Oscar"]
[Black "Caceres Leal, Jaime"]
[Result "1-0"]
[WhiteElo "2249"]
[BlackElo "2168"]
[PlyCount "55"]
[EventDate "2013.07.19"]
[EventType "tourn"]
[EventRounds "9"]
[EventCountry "CHI"]
[SourceTitle "EXT 2024"]
[Source "ChessBase"]
[SourceDate "2023.10.10"]
[SourceVersion "1"]
[SourceVersionDate "2023.10.10"]
[SourceQuality "1"]

1. e4 e6 2. Nc3 d5 3. d4 Bb4 4. e5 c5 5. Bd2 Ne7 6. a3 Bxc3 7. Bxc3 cxd4 8. Qxd4 Nbc6 9. Qg4 Ng6 10. Nf3 f5 11. Qh5 Qe7 12. g4 fxg4 13. Bd3 gxf3 14. Bxg6+ Kd8 15. Bd3 Bd7 16. 0-0-0 Kc7 17. Qxf3 Qg5+ 18. Bd2 Nxe5 19. Qf4 Qf6 20. Rde1 Raf8 21. Qg3 Kc8 22. Rxe5 Qxf2 23. Qxg7 Rhg8 24. Qe7 Rf7 25. Qd6 Qb6 26. Qxb6 axb6 27. Be3 b5 28. Rh5 1-0